Score 0/48 Timer 10:00
0 Plays Today
% Correct
ANIMALSRats ($100)
88.7%
ACTORS & ROLES'Thriller' ($100)
86.4%
ANIMALSTrunk ($200)
85.2%
4-LETTER WORDSJump ($600)
73.8%
4-LETTER WORDSOath ($1000)
72.4%
LAKES & RIVERSLoch ($200)
71.1%
NATIONAL LANDMARKSStatue of Liberty ($200)
70.4%
LAKES & RIVERSMissouri ($400)
67.8%
ACTORS & ROLESSean Connery ($300)
66.3%
NOTORIOUSAdolf Hitler ($400)
66%
4-LETTER WORDSWhat ($800:DD $1000)
65.6%
FOREIGN CUISINESausage ($200)
62.1%
NOTORIOUSStalin ($600)
60.5%
THE BIBLEJerusalem ($800)
58.9%
4-LETTER WORDSShot ($200)
58.6%
FINAL JEOPARDY!: HOLIDAYSMartin Luther King Day (Top Wager: $3700)
57.5%
ACTORS & ROLESMarilyn Monroe ($400)
54.1%
4-LETTER WORDSZone ($400)
53%
NOTORIOUSNero ($200)
50.1%
NATIONAL LANDMARKSPlymouth Rock ($600)
49.5%
ANIMALSHippo ($400)
47.8%
NOTORIOUSJohn Wilkes Booth ($1000)
47.7%
THE BIBLEWalls ($200)
47.3%
LAKES & RIVERSJordan ($100)
46.9%
% Correct
FOREIGN CUISINEChicken ($100)
46.5%
THE BIBLEJudas ($400)
46.1%
INVENTIONSRadio ($100)
44.8%
INVENTIONSFreezing ($300)
44.6%
NATIONAL LANDMARKSMount Vernon ($400)
44.4%
ACTORS & ROLESDan Aykroyd & Eddie Murphy ($200)
41.9%
THE BIBLEForbidden fruit ($600)
41.3%
LAKES & RIVERSVolga ($300:DD $800)
36.9%
ANIMALSWeasel ($300)
34.7%
ANIMALSMule ($500)
34.4%
NATIONAL LANDMARKSIndependence Hall ($800)
31%
LAKES & RIVERSCaspian Sea ($500)
30%
INVENTIONSZipper ($400)
28.9%
INVENTIONSRickshaw ($200)
27.9%
FOREIGN CUISINEBlintz ($300)
27.8%
'50'S TVPrivate eyes ($200)
26%
NATIONAL LANDMARKSCapitol ($1000)
25.3%
ACTORS & ROLESColonel Chuck Yeager ($500)
16.7%
'50'S TVMr. Wizard ($1000)
15.8%
THE BIBLELove of money ($1000)
14.4%
'50'S TVOne million dollars ($600)
7.9%
'50'S TVPaladin (Richard Boone) ($800)
7.1%
'50'S TVEve Arden ($400)
6.1%
FOREIGN CUISINECh√Ęteaubriand ($400)
5.9%

You're not logged in!

Compare scores with friends on all Sporcle quizzes.
OR
Log In

Sporcle TV

Today on Sporcle TV


Watch our educational content, quiz creation guides, and fun videos on Sporcle TV.

Show Comments

Extras

Top Quizzes Today


Score Distribution

Paid Content

Your Account Isn't Verified!

In order to create a playlist on Sporcle, you need to verify the email address you used during registration. Go to your Sporcle Settings to finish the process.

Report this User

Report this user for behavior that violates our Community Guidelines.

Details: